000 00678nam a22002177a 4500
005 20160920164305.0
010 _aENG-116056
020 _c450.00
_a9789352601882
020 _a9352601882
_c450.00
035 _aEN-99588
037 _bDBAD/PUB
082 _a333.794
100 _aKhan, B.H.
245 _aNon-conventional energy resources /
_cby B.H Khan
250 _a3rd edition
260 _aNoida
_bMcGraw Hill Education
_c2017
270 _aB-4, Sector - 63, Gautam Budh Nagar,
_bNoida (UP)
_e201301
300 _axviii, 600p
_c22cm(pbk)
_bill.(maps)
500 _aIncludes Index and bibliographical references
942 _2ddc
_cEN
_mKHA
_h333.794
999 _c103476
_d103476